Lupercio Latrás y la guerra de moriscos y montañeses en Aragón a fines de siglo XVI (Registro nro. 101922)
[ vista simple ]
| 000 -LEADER | |
|---|---|
| campo de control de longitud fija | 00779nam a2200217 i 4500 |
| 001 - NÚMERO DE CONTROL | |
| campo de control | 101922 |
| 003 - IDENTIFICADOR DE NÚMERO DE CONTROL | |
| campo de control | ES-MaACL |
| 005 - FECHA Y HORA DE LA ÚLTIMA TRANSACCIÓN | |
| campo de control | 20251112171204.0 |
| 007 - CAMPO FIJO DE DESCRIPCIÓN FÍSICA--INFORMACIÓN GENERAL | |
| campo de control de longitud fija | t| |
| 008 - DATOS DE LONGITUD FIJA--INFORMACIÓN GENERAL | |
| campo de control de longitud fija | 051028s1917 sp ||||1| spa d |
| 100 1# - ENTRADA PRINCIPAL--NOMBRE DE PERSONA | |
| Nombre de persona | Melón y Ruiz de Gordejuela, Amando, |
| Fechas asociadas al nombre | 1895-1975 |
| 9 (RLIN) | 80024 |
| 245 10 - MENCIÓN DEL TÍTULO | |
| Título | Lupercio Latrás y la guerra de moriscos y montañeses en Aragón a fines de siglo XVI |
| Resto del título | : tesis doctoral / |
| Mención de responsabilidad, etc. | Amando Melón y Ruiz de Gordejuela. |
| 260 ## - PUBLICACIÓN, DISTRIBUCIÓN, ETC. | |
| Lugar de publicación, distribución, etc. | Zaragoza : |
| Nombre del editor, distribuidor, etc. | Heraldo de Aragón, |
| Fecha de publicación, distribución, etc. | 1917. |
| 300 ## - DESCRIPCIÓN FÍSICA | |
| Extensión | 86 p., LVI ; |
| Dimensiones | 22 cm. |
| 502 ## - NOTA DE TESIS | |
| Nota de tesis | Tesis Doctoral. |
| 600 17 - PUNTO DE ACCESO ADICIONAL DE MATERIA--NOMBRE DE PERSONA | |
| Nombre de persona | Latrás de Mur, Lupercio, |
| Fechas asociadas al nombre | 1566-1592? |
| Fuente del encabezamiento o término | |
| 9 (RLIN) | 165152 |
| 650 #4 - PUNTO DE ACCESO ADICIONAL DE MATERIA--TÉRMINO DE MATERIA | |
| Término de materia o nombre geográfico como elemento de entrada | Moriscos- |
| Subdivisión geográfica | Aragón. |
| 9 (RLIN) | 165153 |
| 651 #4 - PUNTO DE ACCESO ADICIONAL DE MATERIA--NOMBRE GEOGRÁFICO | |
| Nombre geográfico | Aragón- |
| Subdivisión general | Historia- |
| Subdivisión cronológica | S.XVI. |
| 9 (RLIN) | 143554 |
| 852 ## - LOCALIZACIÓN | |
| Ubicación | ES-MaACL |
| Número de control de estantería | C-2878 |
| Estatus retirado | Estado de pérdida | Estado de daño | No para préstamo | Biblioteca de origen | Biblioteca actual | Ubicación en estantería | Fecha de adquisición | Fuente de adquisición | Total de préstamos | Signatura topográfica completa | Código de barras | Visto por última vez | Precio de reemplazo | Tipo de ítem Koha |
|---|---|---|---|---|---|---|---|---|---|---|---|---|---|---|
| Biblioteca del Ateneo de Madrid | Biblioteca del Ateneo de Madrid | Sala Palomar | 17/01/2008 | C-2878 | 1106400 | 23/02/2023 | 23/02/2023 | Libro impreso |
